| 000 | 00878nam a2200265 a 4500 | ||
|---|---|---|---|
| 001 | 50516 | ||
| 003 | BD-RjUL | ||
| 005 | 20211209075524.0 | ||
| 008 | 160827s1966 mau b 000 0 eng | ||
| 035 | _a(BD-RjUL)50636 | ||
| 040 |
_aDLC/ICU _cICU _dDLC _dOCoLC _dDLC _dBD-RjUL _beng |
||
| 041 | _aeng | ||
| 082 | 0 | 0 |
_a515.73 _223 _bHOT 1966 |
| 100 | 1 |
_aHorváth, John, _d1924- _9151323 |
|
| 245 | 1 | 0 |
_aTopological vector spaces and distributions / _cJohn Horváth |
| 260 |
_aLondon : _bAddison-Wesley Pub. Co. _c1966 |
||
| 300 |
_aVol. ; _c23 cm. |
||
| 504 | _aIncludes Bibliography and Index | ||
| 505 | _aVol. 1. -- | ||
| 650 | 0 |
_aLinear topological spaces. _9151067 |
|
| 650 | 0 |
_aTheory of distributions (Functional analysis) _9151324 |
|
| 830 |
_aAddison-Wesley series in mathematics _9154401 |
||
| 942 |
_2ddc _cBK |
||
| 999 |
_c50516 _d50516 |
||